| 000 -LEADER |
| fixed length control field |
00512pam a2200193 a 4500 |
| 005 - DATE AND TIME OF LATEST TRANSACTION |
| control field |
20131009053144.0 |
| 008 - FIXED-LENGTH DATA ELEMENTS--GENERAL INFORMATION |
| fixed length control field |
910531s1992 nyua 001 0 eng |
| 020 ## - INTERNATIONAL STANDARD BOOK NUMBER |
| International Standard Book Number |
0134888758 |
| 041 0# - LANGUAGE CODE |
| Language code of text/sound track or separate title |
eng |
| 080 ## - UNIVERSAL DECIMAL CLASSIFICATION NUMBER |
| Universal Decimal Classification number |
007.52 |
| Common auxiliary subdivision |
(075.8) |
| 100 1# - Rafti |
| Rafti |
Selig, J. M. |
| 245 10 - TITLE STATEMENT |
| Title |
Introductory robotics / |
| Statement of responsibility, etc |
J.M. Selig. |
| 260 ## - |
| -- |
New York : |
| -- |
Prentice Hall, |
| -- |
c1992. |
| 300 ## - |
| -- |
viii, 152 p. : |
| -- |
ill. ; |
| -- |
24 cm. |
| 500 ## - |
| -- |
Preface f. : VII - VIII |
| 500 ## - |
| -- |
Includes index. |
| 650 #0 - |
| -- |
Robotët |
| 942 ## - ADDED ENTRY ELEMENTS (KOHA) |
| Source of classification or shelving scheme |
|
| Item type |
Books |